Suuret suomalaiset -kuvavisa - Statistics

Yleistilastot
  • Tätä visaa on pelattu 166 kertaa
  • Keskiarvotulos 8 / 10
Vastaustilastot
Kuvavisa Vastaus % Oikein
Urho Kekkonen
100%
C. G. E. Mannerheim
99%
Tarja Halonen
99%
Mikael Agricola
93%
Risto Ryti
88%
Aleksis Kivi
86%
Jean Sibelius
65%
Elias Lönnrot
64%
Arvo Ylppö
42%
Adolf Ehrnrooth
35%
Ehtoja vastaavia visoja ei löytynyt
Tulosjakauma
Jokaisen tuloksen saaneiden osuus
Persentiili vastausten määrän mukaan
Tuloshistoriasi
Et ole pelannut tätä visaa